000
00267nam a22001217a 4500
999
_c
479850
_d
479850
003
NUST
008
151005t xxu||||| |||| 00| 0 eng d
038
_a
Adnan
082
_a
580
100
_a
sud
_9
13916
245
_a
Herboculinary Medical Aromatic
942
_2
ddc
_c
BK